My little pony characters - Statistics

General Stats
  • This quiz has been taken 479 times
  • The average score is 7 of 7
Answer Stats
Hint Answer % Correct
5. Applejack
99%
6. Rainbow Dash
99%
3. Pinkie Pie
98%
2. Fluttershy
96%
4. Rarity
95%
1. Twilight Sparkle
92%
7. Spike
83%
No matching quizzes found
Score Distribution
Percent of People with Each Score
Percentile by Number Answered
Your Score History
You have not taken this quiz